| 000 | 01314nam a2200253 a 4500 | ||
|---|---|---|---|
| 001 | 000044930 | ||
| 005 | 20240412074304.0 | ||
| 008 | 150119d2011 dr a 000 j spa d | ||
| 020 | _a9789945429381 | ||
| 040 |
_aDO-SdBNP _bspa _cBNPHU |
||
| 082 |
_aRD863.44 _bC957c |
||
| 100 | 1 |
_aCruz Durán, Giovanny, _d1953- _927168 |
|
| 245 | 1 | 4 |
_aLos cuentos del otro / _cGiovanny Cruz Durán ; ilustración de portada e interiores Leopardo Rodríguez. |
| 260 |
_aSanto Domingo : _bAlfaguara, _c2011. |
||
| 300 |
_a175 p. : _bil. ; _c23 cm. |
||
| 490 | 1 | _aAlfaguara | |
| 500 | _aIncluye datos biográficos del autor en la solapa de la cubierta | ||
| 505 | 0 |
_tEscritor desconocido -- _tUn hombre lobo en Las Calderas -- _tPrimera pelea -- _tLas leyendas -- _tLa princesa ciguaya -- _tLa ciguapa y el último ciguayo -- _tEl puerco del diablo -- _tEl Tiburón Bolo -- _tLas hechiceras -- _tAnaísa, compai, Anaísa -- _tLa vieja Marcial y su Metresilí -- _tServidora de los indios -- _tLa Viudita -- _tLa Casa de los Gatos -- _tConsagrada actuación -- _tIntriga después de San Andrés -- _tLa muñeca encantada -- _tLa China -- _tEpílogo. |
|
| 590 | _aInventariado, 2019/BT | ||
| 650 | 0 |
_aCuentos dominicanos _9176 |
|
| 650 | 0 |
_aLiteratura dominicana. _967 |
|
| 830 | 0 |
_aAlfaguara _96669 |
|
| 910 | _aValidado. Control de calidad. MFF | ||
| 999 |
_c44419 _d44419 |
||